Sóng : Năm thứ hai PC - PC* PSI - PSI*

Uloženo v:
Podrobná bibliografie
Médium: Kniha
Jazyk:Undetermined
Vydáno: Hà Nội Giáo dục 2006
Témata:
Tagy: Přidat tag
Žádné tagy, Buďte první, kdo otaguje tento záznam!
Thư viện lưu trữ: Trung tâm Học liệu Trường Đại học Cần Thơ
LEADER 00572nam a2200193Ia 4500
001 CTU_110700
008 210402s9999 xx 000 0 und d
020 |c 34000 
082 |a 621.38235 
082 |b S431 
245 0 |a Sóng : 
245 0 |b Năm thứ hai PC - PC* PSI - PSI* 
245 0 |c Jean - Marie Brébec ... [et al.] ; Đào Văn Thức (người dịch) 
260 |a Hà Nội 
260 |b Giáo dục 
260 |c 2006 
650 |a Facsimile transmission 
904 |i Hiếu 
980 |a Trung tâm Học liệu Trường Đại học Cần Thơ